| 000 | 00423pam a2200145 4500 | ||
|---|---|---|---|
| 020 | _a0231036256 | ||
| 082 | 0 | 0 |
_a954.91 _bJAH _cL-28, P-94 |
| 100 | 1 |
_aJahan, Rounaq. _946387 |
|
| 245 | 1 | 0 | _aPakistan: failure in national integration. |
| 260 |
_aNew York, _bColumbia University Press _c[1972] |
||
| 300 |
_aix, 248 p. _billus. _c23 cm. |
||
| 526 |
_a0 _b0 _c0 _d954_910000000000000_JAH |
||
| 650 |
_aMCE _9379 |
||
| 942 |
_2ddc _cBK |
||
| 999 |
_c549733 _d549733 |
||